| 000 | 00456nam a2200145Ia 4500 | ||
|---|---|---|---|
| 003 | OSt | ||
| 005 | 20260226101032.0 | ||
| 008 | 211028s2019 xx 000 0 und d | ||
| 040 | _cAIMIT LIBRARY | ||
| 041 | _aeng | ||
| 100 |
_aSequeira, Mamitha Meena; Mascarenhas, Deepika Maria. _g1716101 _98079 |
||
| 245 | _aStudy on employee retention with reference to Prakash Retail Private Limited / | ||
| 260 |
_aMangalore _bLestan Dsouza _c2019 |
||
| 942 |
_2ddc _cPRO |
||
| 999 |
_c219647 _d219647 |
||